000 03685nab a2200349 i 4500
003 BR-BrBNA
005 20241025143952.0
008 241025b2019 bl.|r|pooa||| 00| 0 por |
040 _aBR-BrBNA
_bpor
072 _aL73
_b5500
072 _aL70
100 _aCamprigher, V.M.
100 _aMatos, A.M.R.N.
100 _aFerreira, F.P.
100 _aBatina, P.N.
100 _aCosta, S.C.
100 _aNavarro, I.T.
100 _aZanutto, M.S.
245 _aOcorrência de anticorpos anti-Leishmania spp. em felinos em área endêmica do estado de São Paulo
500 _aPublicação online; 31 ref.; 2 tables; Summaries (En, Pt)
520 _a RESUMO - A leishmaniose visceral (LV) é uma zoonose de grande impacto em saúde pública. A infecção nos gatos tem sido relatada nos países onde a doença é endêmica. Seu papel como reservatório não está satisfatoriamente elucidado, embora a transmissão do parasito de um felino infectado para vetor tenha sido reportada por xenodiagnóstico. O objetivo do trabalho foi avaliar a presença de anticorpos antiLeishmania spp. em animais da espécie felina em área endêmica para LV (Bauru-SP), por meio dos testes sorológicos de reação de imunofluorescência indireta (RIFI) e ensaio imunoenzimático (ELISA), e associá-los às variáveis: gênero, idade, raça e forma de criação. Foram testados soros de 276 felinos, dos quais 82 foram reagentes pelo método ELISA (29,71%), 17 pelo RIFI (6,15%) e 10 em ambos os testes (3,6%). Houve associação estatística significativa para a variável forma de criação, em que 100% dos animais errantes foram soropositivos a pelo menos um dos testes (P<0,005). Tal associação não foi encontrada para as demais variáveis analisadas (P>0,05). Não houve concordância entre o resultado dos testes, pois o método ELISA é mais sensível que o método RIFI. Palavras-chave: gato, leishmaniose, sorodiagnóstico, RIFI. ELISA
520 _a ABSTRACT - Visceral leishmaniasis (VL) is a zoonosis with a great impact on public health. Infection in cats has been reported in countries where the disease is endemic. Its role as reservoir is not satisfactorily elucidated, although transmission of the parasite from an infected feline to vector has been reported by xenodiagnosis. The objective of this study was to evaluate the presence of anti-Leishmania spp antibodies in feline animals in an area endemic to LV (Bauru-SP), using the serological tests of Indirect Immunofluorescence Reaction (IFR) and ELISA and variables: gender, age, race and form of creation. Samples of 276 felines were tested, of which 82 were ELISA reagents (29,71%), 17 by IFR (6,15%) and 10 in both tests (3,6%). There was a significant statistical association for the variable form of breeding, where 100% of the wandering animals were seropositive to at least one of the tests (P <0,005). Such association was not found for the other variables analyzed (P >0,05). There was no concordance between the results of the tests, since the ELISA method is more sensitive than the RIFI method. Keywords: cat, leishmaniasis, serodiagnosis, RIFI. ELISA
650 _aGATO
650 _aZOONOSE
650 _aLEISHMANIOSE
650 _aANTICORPO
650 _aVETERINÁRIA
773 0 _01643
_9345608
_dBelo Horizonte-MG Universidade Federal de Minas Gerais - Escola de Veterinaria 1983
_o2024-6240
_tArquivo Brasileiro de Medicina Veterinária e Zootecnia (Brazil)
_x0102-0935
_gv. 71(2) p. 439-446; (2019)
_wBR2024002975
856 _uhttps://www.scielo.br/j/abmvz/a/CMZ5bDHLmsFB9VDsnnsSSJd/?format=pdf&lang=pt
942 _cANA
999 _c328299
_d328299